| 000 | 00938nam a2200253 a 4500 | ||
|---|---|---|---|
| 001 | 000031258 | ||
| 005 | 20250501134705.0 | ||
| 008 | 110615s1982 dr 000 0 spa d | ||
| 040 |
_aDO-SdBNP _bspa _cBNPHU |
||
| 082 |
_a304.64 _bB193M |
||
| 100 | 1 |
_aBallweg, John A. _957724 |
|
| 245 | 1 | 0 |
_aMortalidad Infantil y del niño en la edad pre-escolar vs. regulación de la fecundidad / _cJohn A. Ball Weg, Leovigildo Baez. |
| 260 |
_aSanto Domingo : _bCONAPOFA, _c1982. |
||
| 300 |
_a150 P. ; _c21 cm. |
||
| 590 | _aInventariado, 2018/VM | ||
| 650 | 4 |
_aMortalidad infanatil _zRepública Dominicana _957725 |
|
| 650 | 0 |
_aAnticoncepción _9910 |
|
| 650 | 4 |
_aControl natal _926741 |
|
| 650 | 0 |
_aDemografía _945443 |
|
| 651 | 4 |
_aRepública Dominicana _xPoblación _91423 |
|
| 700 | 1 | 2 |
_aBaez, Leovigildo _957726 |
| 710 | 2 |
_aConsejo Nacional de Población y Familia (República Dominicana) _96985 |
|
| 910 | _aValidado. Control de calidad MFF | ||
| 999 |
_c30750 _d30750 |
||